Diseño geométrico de carreteras James Cárdenas Grisales (Registro nro. 33216)
[ vista simple ]
| 000 -CABECERA | |
|---|---|
| Longitud fija campo de control | 01054nam a2200289 a 4500 |
| 003 - • IDENTIFICADOR DELl NÚMERO DE CONTROL | |
| Identificador del número de control | CO-ViMGA |
| 008 - • CÓDIGOS DE INFORMACIÓN DE LONGITUD FIJA | |
| Códigos de información de longitud fija | 141112s2004 ck r 000 u spa d |
| 020 ## - • NÚMERO INTERNACIONAL NORMALIZADO PARA LIBROS | |
| Número Internacional Normalizado para Libros (ISBN) | 9586483223 |
| 040 ## - FUENTE DE LA CATALOGACIÓN | |
| Centro catalogador de origen | CO-ViMGA |
| Lengua de catalogación | spa |
| Centro transcriptor | CO-ViMGA |
| 041 ## - • CÓDIGO DE LENGUA | |
| Código de lengua del texto/banda sonora o título independiente | spa |
| 082 04 - • NÚMERO DE LA CLASIFICACIÓN DECIMAL DEWEY | |
| Número de clasificación (R) | 625.7 C17d |
| 100 1# - • PUNTO DE ACCESO PRINCIPAL-NOMBRE DE PERSONA | |
| Nombre de persona | Cárdenas Grisales, James |
| 245 10 - • TITULO PROPIAMENTE DICHO | |
| Título | Diseño geométrico de carreteras James Cárdenas Grisales |
| 250 ## - • MENCIÓN DE EDICIÓN | |
| Mención de edición | 2a ed. |
| 300 ## - • DESCRIPCIÓN FÍSICA | |
| Extensión | 544 p. il., gráficos 23 cm. |
| 490 ## - • MENCIÓN DE SERIE | |
| Mención de serie | Colección Textos Universitarios, Ingenieria |
| 504 ## - • NOTA DE BIBLIOGRAFÍA, ETC | |
| Nota de bibliografía, etc. | Incluye referencias bibliográficas (P. 403 - 404) e índice. |
| 505 ## - • NOTA DE CONTENIDO CON FORMATO | |
| Nota de contenido con formato | Las carreteras. - - Rutasy líneas de pendiente. - - Diseño geométrico horizontal : planta. - - Diseño geométrico vertical : rasante. - - Diseño geométrico transversal : secciones, áreas y volúmenes. |
| 596 ## - | |
| -- | 2 |
| 650 14 - • PUNTO DE ACCESO ADICIONAL DE MATERIA - TÉRMINO DE MATERIA | |
| Término de materia o nombre geográfico como elemento inicial | Ingeniería de carreteras |
| 926 ## - | |
| -- | B - GENERAL COL - GRAL - 2 625.7 C17 LIBRO 1 |
| 942 ## - ENTRADA DE ELEMENTOS AGREGADOS (KOHA) | |
| Fuente de clasificaión o esquema | Dewey Decimal Classification |
| Koha [por defecto] tipo de item | LIbro |
| Perdido | Fuente de clasificación o esquema | Estado Físico | No para préstamo | Forma de adquisición | Localización permanente | Localización actual | Fecha adquisición | Serie de enumeración / cronolog&íacute;a | Préstamos totales | Renovaciones totales | Signatura completa | Código de barras | Fecha última consulta | Fecha último préstamo | Número de copia | Fecha del precio de reemplazo | Tipo de item de Koha |
|---|---|---|---|---|---|---|---|---|---|---|---|---|---|---|---|---|---|
| Dewey Decimal Classification | Sala Especializada Tercer Piso | Biblioteca Pública Germán Arciniegas - Villavicencio | Biblioteca Pública Germán Arciniegas - Villavicencio | 12/04/2015 | 23/oct/2014 | 2 | 4 | 625.7 C17d | 27261 | 11/23/2018 | 08/08/2018 | Ej. 1 | 12/04/2015 | LIbro |